Datum a čas kvízu
28.5
Celkem bodů
Celkový počet nahraných bodů na tomto kvízu bez doplňovacích otázek.
4.
Pořadí na kvízu
Konečné umístění týmu na tomto kvízu.
Zaznamenané odpovědi
| # | Otázka | Odpověď | Body | Výsledky |
|---|---|---|---|---|
| 1. | Minulé úterý hledali policisté... | 1 | ||
| 2. | Který ze členů britské královs... | 1 | ||
| 3. | Americká spisovatelka Katherin... | 0 | ||
| 4. | Bývalá chlouba československéh... | 1 | ||
| 5. | Disciplinární komise Ligové fo... | 0 | ||
| 6. | Zvíře jménem Mojžíš v Orwellov... | 0 | ||
| 7. | Kniha Volání divočiny se odehr... | 1 | ||
| 8. | Příběhy medvídka Pú pochází z... | 1 | ||
| 9. | O Knize džunglí jsme se v kvíz... | 0 | ||
| 10. | Lev, čarodějnice a skříň není... | 0 |